Statistiques concernant Autoroute d'Allemagne

Cliquez ici pour prendre le quiz!

Statistiques générales

  • Ce quiz a été pris 50 fois
  • Le résultat moyen est 80 sur 234

Statistiques - réponses

AutorouteLongueur (km)Réponse% Correct
A10021Berlin
94%
Berlin
94%
Berlin
94%
A1034Berlin
94%
Berlin
94%
A11319Berlin
94%
Berlin
94%
A2518Hambourg
84%
Hambourg
84%
A2396Hambourg
84%
Hambourg
84%
A92134Munich
84%
A94103Munich
84%
A9569Munich
84%
A96173Munich
84%
Munich
84%
Munich
84%
Dortmund
81%
Dresde
81%
A1745Dresde
81%
Francfort sur le Main
78%
A73170Nuremberg
78%
Brême
75%
Cologne
75%
Cologne
75%
A55520Cologne
75%
Hanovre
75%
Stuttgart
75%
A44260Aix la Chapelle
69%
A72162Leipzig
69%
Leipzig
69%
A6484Sarrebruck
69%
A4583Aix la Chapelle
63%
A60113Belgique
56%
Kiel
56%
A21523Kiel
56%
A6414Luxembourg
56%
A8505Luxembourg
56%
Suisse
56%
Suisse
56%
Weil Am Rhein
56%
Lindau
53%
Rostock
53%
A93268Autriche
50%
Autriche
50%
Autriche
50%
Autriche
50%
A7962Flensbourg
50%
A1258Francfort sur l'Oder
50%
Füssen
50%
A65612Mannheim
50%
Mannheim
50%
Pays Bas
50%
A4092Pays Bas
50%
A5297Pays Bas
50%
A3769Pays Bas
50%
A57119Pays Bas
50%
A30136Pays Bas
50%
A61320Pays Bas
50%
Tchéquie
50%
Tchéquie
50%
Aix la Chapelle
47%
Bonn
47%
Bonn
47%
Bonn
47%
Essen
47%
Görlitz
47%
A11110Pologne
47%
Pologne
47%
Sarrebruck
44%
Sarrebruck
44%
Sarrebruck
44%
A6370Mayence
41%
Mayence
41%
A1
38%
A2156A1
38%
A60210A1
38%
A1
38%
A1
38%
A2265A1
38%
A2552A1
38%
A6279A1
38%
A2995A1
38%
A2619A1
38%
A2897A1
38%
A10
38%
A10
38%
A11123A10
38%
A10
38%
A13151A10
38%
A10
38%
A1149A10
38%
A9530A10
38%
A11528A10
38%
A24237A10
38%
A10196A10
38%
A20345A11
38%
A1564A13
38%
A1/A61
38%
A45257A2
38%
A35217A2
38%
A2/A3
38%
A6758A3
38%
A3
38%
A3
38%
A4878A3
38%
A5445A4
38%
A4
38%
A48019A5
38%
A9845A5
38%
A6597A6
38%
A6
38%
A7
38%
A5440A7
38%
A3999A7
38%
A38219A7
38%
A7
38%
A7
38%
A9805A7
38%
A8
38%
A62310A8
38%
A8312A81/A8
38%
A99511A8/A99
38%
A9
38%
Trèves
38%
Trèves
38%
Lübeck
34%
A2805A31
31%
A3694A36
31%
A38
31%
A1439A38
31%
A39112A39
31%
A19123A24
28%
A2817A27
28%
A27011A27
28%
A2939A29
28%
A53513A44
28%
A44
28%
A45
28%
A45
28%
A46
28%
A5247A52
28%
A5597A59
28%
A59
28%
A5426A59
28%
A56527A59
28%
A56013A59
28%
A5624A59
28%
A67112A60
28%
A61
28%
A5713A61
28%
A5733A61
28%
A6485A66
28%
A6722A67
28%
A72
28%
A8646A81
28%
A9525A95
28%
A9958A96
28%
A1175A100
22%
A100
22%
A100
22%
Halle
22%
A4393Münster
22%
Heide
19%
A33104Osnabrück
19%
Heidelberg
16%
A6438Wiesbaden
16%
Wiesbaden
16%
A66121Wiesbaden
16%
A3924Brunswick
13%
Brunswick
13%
A36120Brunswick
13%
A4945Cassel
13%
Cassel
13%
Cuxhaven
9%
Darmstadt
9%
Fulda
9%
Kaiserslautern
9%
Kempten
9%
A5165Oberhausen
9%
A2473Oberhausen
9%
Oldenbourg
9%
Bottrop
6%
Deggendorf
6%
Garmisch Partenkirchen
6%
Ludwigshafen
6%
A6559Ludwigshafen
6%
A81276Wurtzbourg
6%
A48519A480
3%
Bayreuth
3%
A31241Emden
3%
A1748Heiligenhafen
3%
A62032Sarrelouis
3%
A70120Schweinfurt
3%
A71220Schweinfurt
3%
A2616Stade
3%
Wilhelmshaven
3%
A14318Wismar
3%
A65014Bad Dürkheim
0%
Bad Dürrheim
0%
Bad Harzburg
0%
Bad Neuenhar
0%
Bad Oeynhausen
0%
Bad Segeberg
0%
Bernbourg
0%
Brilon
0%
A55313Brühl
0%
A3714Burgdorf
0%
A5969Dinslaken
0%
A66137Egelsbach
0%
Ehlingen
0%
Geesthacht
0%
Geisbach
0%
A46143Heinsberg
0%
Jork
0%
A4258Kamp Linfort
0%
Leer
0%
Meinholz
0%
A44514Neheim
0%
Nettelsee
0%
Neuental
0%
Oberusel
0%
Pirmasens
0%
A21025Rendsburg
0%
A8614Rheinfelden
0%
Rüsselsheim
0%
Starnberg
0%
Stockach
0%
Suhl
0%
A27162Walsrode
0%
Weinheim
0%
Werl
0%
Wetzlar
0%
Wörth am Rhein
0%

Distribution des résultats

Percentile par nombre de réponses

% des personnes avec chaque résultat

Votre développement - résultats

Vous n’avez pas pris ce quiz